When the golden bough breaks ; structuralism or typology?

Bibliographic Details
Main Author: Munz, Peter, 1921-2006
Format: Book
Language:English
Published: London, Boston : Routledge & K. Paul, [1973]
Subjects:

MARC

Tag First Indicator Second Indicator Subfields
LEADER 00000cam a2200000 4500
001 in00000286521
005 20151010073241.0
008 740205s1973 enk b 00100 eng
010 |a  73087315  
015 |a GB*** 
020 |a 0710076509  |c 2.25 
035 |a (OCoLC)00810565 
035 |9 ABF0580AM 
040 |a DLC  |c DLC  |d TXA  |d UtOrBLW 
049 |a TXAM  |c [1371607] 
050 0 0 |a BL311  |b .M83 
082 0 |a 291.1/3 
100 1 |a Munz, Peter,  |d 1921-2006. 
245 1 0 |a When the golden bough breaks ;  |b structuralism or typology? 
264 1 |a London,  |a Boston :  |b Routledge & K. Paul,  |c [1973] 
300 |a xii, 143 pages ;  |c 23 cm. 
336 |a text  |b txt  |2 rdacontent 
337 |a unmediated  |b n  |2 rdamedia 
338 |a volume  |b nc  |2 rdacarrier 
504 |a Bibliography: pages 131-138. 
650 0 |a Mythology. 
650 0 |a Myth. 
650 0 |a Symbolism. 
999 |a MARS 
999 f f |s 52379132-836d-349c-ab70-0bb2bb61a7a1  |i 2bf06c10-3b38-3d03-834b-4f3167e1561d  |t 0 
952 f f |p ric  |a Texas A&M University  |b Rellis Campus  |c Joint Library Facility  |d Remote Storage  |t 0  |e BL311 .M83  |h Library of Congress classification  |i unmediated -- volume  |m A14801735702 
998 f f |a BL311 .M83  |t 0  |l Remote Storage